Dream holiday

Bibliographic Details
Main Author: Farhan
Corporate Author: Title
Format: Book
Published: Selangor : Oscar Book International , 2004
Series:Horror stories
Subjects:

MARC

LEADER 00000cam a2200000 7i4500
001 0000001820
005 20151222.0
008 070709
020 |a 9679415929(set) 
020 |a 9679415937 
090 0 0 |a JF   |b AD ENG (2189) 
100 0 |a Farhan 
245 1 0 |a Dream holiday   |c Farhan 
260 |a Selangor :   |b Oscar Book International ,   |c 2004 
440 0 |a Horror stories 
500 |a Children ages 7-9 years old (orange) 
650 0 |a English fiction 
650 0 |a Horror tales, English 
710 0 |a Title 
999 |a 0000963297   |b Book   |c Children Collection   |e Cawangan Taman Sri Lambak 
999 |a 0000963298   |b Book   |c Children Collection   |e Perbadanan Perpustakaan Awam Johor 
999 |a 0000963299   |b Book   |c Children Collection   |e Cawangan Mersing 
999 |a 0000963300   |b Book   |c Children Collection   |e Perbadanan Perpustakaan Awam Johor 
999 |a 0000963301   |b Book   |c Children Collection   |e Cawangan Bandar Tenggara